000
00271nam a2200121Ia 4500
008
190216s9999||||xx |||||||||||||| ||und||
100
_a
Carry On Jeeves
245
0
_a
Wodehouse
260
_b
Penguin Books
_c
1976
300
_a
219
650
_a
English Novel
942
_c
BK
999
_c
12754
_d
12754